Paroles PLK-Tu dors ? - Statistiques

Statistiques générales
  • Ce quiz a été pris 120 fois
  • Le résultat moyen est 177 sur 279
Statistiques - réponses
Réponse % Correct
à
96%
dors?
95%
on
95%
On
95%
Tu
95%
de
90%
sa
89%
Le
87%
le
87%
pas
87%
ça
86%
mais
86%
Mais
86%
la
84%
La
84%
l'a
84%
Un
80%
un
80%
en
76%
fait
76%
deux
75%
Deux
75%
est
75%
moi
75%
"moi"
75%
qu'on
75%
toi
75%
vrai
75%
les
72%
sait
72%
seul
72%
capter
71%
Encore
68%
encore
68%
message
68%
mon
68%
dans
67%
et
67%
fume
67%
j'suis
67%
s'voit
67%
va
67%
boit
66%
ciel
66%
devrait
66%
sous
66%
Avec
65%
même
65%
septième
65%
du
63%
part
63%
peau
63%
toits
63%
quoi?
62%
ses
62%
J'étais
61%
son
59%
douce
58%
fesses
58%
s'adapter
57%
temps
57%
l'emploi
54%
lit
54%
ou
54%
ailleurs
53%
place
53%
SMS
53%
sourire
53%
caisse
52%
que
52%
faut
51%
J'repense
49%
fois
48%
j'me
48%
sûr
48%
c'est
46%
cœur
46%
d'la
46%
passe
46%
réchauffe
46%
bon
44%
casse
44%
J'replonge
44%
une
44%
aller
43%
nous
43%
tombé
43%
pour
42%
prochaine
42%
tire
42%
trait
42%
vide
42%
jamais
41%
nuit
41%
ton
41%
bien
39%
devenir
39%
fais-moi
39%
fonce
39%
J'sais
39%
j'sais
39%
l'piège
39%
sens
39%
Sentiment
39%
trop
39%
après
38%
l'mur
38%
promis
38%
tess
38%
d'merde
37%
elle
37%
fou
37%
j'mets
37%
plus
37%
tour
37%
dira
35%
sans
35%
y
35%
Remonte
34%
semaines
34%
comme
33%
dormir
33%
ensemble
33%
L'lendemain
33%
reparti
33%
c'qu'on
32%
n'est
32%
pente
32%
pièce
32%
plage
32%
croire
30%
d'pédaler
30%
galets
30%
peu
30%
qu'j'suis
30%
séparés
30%
croit
29%
paix
29%
partir
29%
feu
28%
Remets
27%
guerre
25%
j'm'empêche
25%
qu'j'bois
25%
Continues
24%
j'veux
14%
Aucun quiz correspondant
Distribution des résultats
% des personnes avec chaque résultat
Percentile par nombre de réponses
Votre historique - résultats
Vous n’avez pas pris ce quiz